|
|
|
|
| LEADER |
00000cam a2200000 7i4500 |
| 001 |
0000065613 |
| 005 |
20180109093000.0 |
| 008 |
100218s2009 enk eng |
| 020 |
|
|
|a 1403168709
|
| 020 |
|
|
|a 9781403168702
|
| 050 |
0 |
0 |
|a BP605.S2
|b H8315 2007
|
| 090 |
0 |
0 |
|a BP605.S2
|b H8315 2007
|
| 100 |
1 |
|
|a Hubbard, L. Ron [
|q (La Fayette Ron)] ,
|d 1911-1986 ,
|e author
|
| 245 |
1 |
4 |
|a The problems of work [soundrecording] :
|b scientology applied to the workaday world
|c L. Ron Hubbard, Harry Chase
|
| 260 |
|
|
|a Los Angeles :
|b Golden Era Productions ,
|c p2007
|
| 300 |
|
|
|a 3 sound discs (2 hrs., 58 min.) :
|b digital ;
|c 4 3/4 in.
|e 1 booklet (53 p. : ill. ; 19 cm)
|
| 500 |
|
|
|a Subtitle from container. "A Scientology publication"--Container. Container insert contains copyright date of 2009; book and discs have copyright date of 2007. Compact discs
|
| 511 |
0 |
|
|a Read by Harry Chase
|
| 520 |
|
|
|a From the publishers website: Containing the senior principles and laws which apply to every problem of work, here are the discoveries which lay bare the core of these problems and explain the very fabric of life itself. Learn the "secret" of efficiency. Find out the rock-bottom cause of exhaustion, how to eliminate it and return the energy of youth
|
| 538 |
|
|
|a System requirements: DVD Player
|
| 546 |
|
|
|a In English
|
| 650 |
|
0 |
|a Job satisfaction
|
| 650 |
|
0 |
|a Scientology
|
| 650 |
|
0 |
|a Work
|x Psychological aspects
|
| 999 |
|
|
|a 1000130372
|b CD-ROM
|c Close Access
|e Gong Badak Campus
|
| 999 |
|
|
|a 1000130373
|b CD-ROM
|c Close Access
|e Gong Badak Campus
|
| 999 |
|
|
|a 1000130374
|b CD-ROM
|c Close Access
|e Gong Badak Campus
|